Das Virus und der liebe Gott: unzeitgemäße Betrachtungen
"Die Corona-Pandemie ist nicht beendet. Und damit sind auch die Fragen, die dieses epochale Ereignis aufwirft, nicht vom Tisch. Von Anfang an fiel den Kirchen zu dieser Krise wenig ein. Aber auch die Einlassungen von Philosophie und Soziologie waren nur selten erhellend. Dabei bieten biblische,...
| Main Author: | |
|---|---|
| Corporate Author: | |
| Format: | Print Book |
| Language: | German |
| Subito Delivery Service: | Order now. |
| Check availability: | HBZ Gateway |
| WorldCat: | WorldCat |
| Interlibrary Loan: | Interlibrary Loan for the Fachinformationsdienste (Specialized Information Services in Germany) |
| Published: |
Freiburg Basel Wien
Herder
[2022]
|
| In: | Year: 2022 |
| Standardized Subjects / Keyword chains: | B
COVID-19 (Disease)
/ Pandemic
/ Faith
/ Catholic theology
B COVID-19 (Disease) / Pandemic / Faith B Scientism / Faith on progress / Crisis B Religious identity / Certitude of faith / Secularization |
| Further subjects: | B
COVID-19 (Disease)
Religious aspects
Christianity
|
| Online Access: |
Inhaltstext (Publisher) Table of Contents |
| Parallel Edition: | Erscheint auch als: 9783451838187 Erscheint auch als: 9783451836916 |
MARC
| LEADER | 00000cam a2200000 c 4500 | ||
|---|---|---|---|
| 001 | 1799599159 | ||
| 003 | DE-627 | ||
| 005 | 20251226201930.0 | ||
| 007 | tu | ||
| 008 | 220413s2022 gw ||||| 00| ||ger c | ||
| 010 | |a 2023401805 | ||
| 015 | |a 22,N15 |2 dnb | ||
| 016 | 7 | |a 1255089792 |2 DE-101 | |
| 020 | |a 9783451394768 |c : circa EUR 28.00 (DE), circa EUR 28.80 (AT), circa CHF 38.90 (freier Preis) |9 978-3-451-39476-8 | ||
| 024 | 3 | |a 9783451394768 | |
| 035 | |a (DE-627)1799599159 | ||
| 035 | |a (DE-599)DNB1255089792 | ||
| 035 | |a (OCoLC)1334053542 | ||
| 040 | |a DE-627 |b ger |c DE-627 |e rda | ||
| 041 | |a ger | ||
| 044 | |c XA-DE-BW |c XA-CH |c XA-AT | ||
| 050 | 0 | |a BT162.D57 | |
| 082 | 0 | |a 261.8088282 |q DE-101 | |
| 082 | 0 | |a 616.2414 |q DE-101 | |
| 082 | 0 | |a 261.8088282 |q DLC |2 23/ger/20230216 | |
| 082 | 0 | 4 | |a 230 |a 610 |q DE-101 |
| 084 | |a BQ 6640 |2 rvk |0 (DE-625)rvk/15572: | ||
| 084 | |a 11.61 |2 bkl | ||
| 084 | |a 11.05 |2 bkl | ||
| 084 | |a 44.75 |2 bkl | ||
| 100 | 1 | |e VerfasserIn |0 (DE-588)130267554 |0 (DE-627)496583131 |0 (DE-576)188881042 |4 aut |a Negel, Joachim |d 1962- | |
| 109 | |a Negel, Joachim 1962- | ||
| 245 | 1 | 4 | |a Das Virus und der liebe Gott |b unzeitgemäße Betrachtungen |c Joachim Negel |
| 264 | 1 | |a Freiburg |a Basel |a Wien |b Herder |c [2022] | |
| 264 | 4 | |c © 2022 | |
| 300 | |a 277 Seiten |c 22 x 14 cm | ||
| 336 | |a Text |b txt |2 rdacontent | ||
| 337 | |a ohne Hilfsmittel zu benutzen |b n |2 rdamedia | ||
| 338 | |a Band |b nc |2 rdacarrier | ||
| 520 | |a "Die Corona-Pandemie ist nicht beendet. Und damit sind auch die Fragen, die dieses epochale Ereignis aufwirft, nicht vom Tisch. Von Anfang an fiel den Kirchen zu dieser Krise wenig ein. Aber auch die Einlassungen von Philosophie und Soziologie waren nur selten erhellend. Dabei bieten biblische, literarische, theologische und philosophische Traditionen eine Fülle von faszinierenden Denkanstössen, wie umzugehen wäre mit der Endlichkeit und Verletzlichkeit menschlichen Lebens. Joachim Negel hebt einige dieser Schätze. Seine Unzeitgemässen Betrachtungen bieten eine geistlich-intellektuelle "Hausapotheke" für die Herausforderungen, die vor uns liegen." -- Page 4 of cover | ||
| 583 | 1 | |a Archivierung/Langzeitarchivierung gewährleistet |f PEBW |x XA-DE-BW |2 pdager |5 DE-31 | |
| 601 | |a Betrachtung | ||
| 650 | 0 | |a COVID-19 (Disease) |x Religious aspects |x Christianity |0 http://id.loc.gov/authorities/subjects/sh2021005645 |2 DLC | |
| 689 | 0 | 0 | |d s |0 (DE-588)1206347392 |0 (DE-627)1692339907 |2 gnd |a COVID-19 |
| 689 | 0 | 1 | |d s |0 (DE-588)4737034-8 |0 (DE-627)365953423 |0 (DE-576)215891244 |2 gnd |a Pandemie |
| 689 | 0 | 2 | |d s |0 (DE-588)4071867-0 |0 (DE-627)104707917 |0 (DE-576)209185139 |2 gnd |a Glaube |
| 689 | 0 | 3 | |d s |0 (DE-588)4030005-5 |0 (DE-627)104452250 |0 (DE-576)208985212 |2 gnd |a Katholische Theologie |
| 689 | 0 | |5 DE-101 | |
| 689 | 1 | 0 | |d s |0 (DE-588)1206347392 |0 (DE-627)1692339907 |2 gnd |a COVID-19 |
| 689 | 1 | 1 | |d s |0 (DE-588)4737034-8 |0 (DE-627)365953423 |0 (DE-576)215891244 |2 gnd |a Pandemie |
| 689 | 1 | 2 | |d s |0 (DE-588)4071867-0 |0 (DE-627)104707917 |0 (DE-576)209185139 |2 gnd |a Glaube |
| 689 | 1 | |5 (DE-627) | |
| 689 | 2 | 0 | |d s |0 (DE-588)4128283-8 |0 (DE-627)105718475 |0 (DE-576)209600802 |2 gnd |a Szientismus |
| 689 | 2 | 1 | |d s |0 (DE-588)4199088-2 |0 (DE-627)105183709 |0 (DE-576)210126396 |2 gnd |a Fortschrittsglaube |
| 689 | 2 | 2 | |d s |0 (DE-588)4033203-2 |0 (DE-627)106258494 |0 (DE-576)209000600 |2 gnd |a Krise |
| 689 | 2 | |5 (DE-627) | |
| 689 | 3 | 0 | |d s |0 (DE-588)4354651-1 |0 (DE-627)181259605 |0 (DE-576)211562815 |2 gnd |a Religiöse Identität |
| 689 | 3 | 1 | |d s |0 (DE-588)4021203-8 |0 (DE-627)104516941 |0 (DE-576)208936742 |2 gnd |a Glaubensgewissheit |
| 689 | 3 | 2 | |d s |0 (DE-588)4051238-1 |0 (DE-627)106178008 |0 (DE-576)209092149 |2 gnd |a Säkularisierung |
| 689 | 3 | |5 (DE-627) | |
| 710 | 2 | |e Verlag |0 (DE-588)1075938708 |0 (DE-627)834046504 |0 (DE-576)444760466 |4 pbl |a Verlag Herder | |
| 776 | 1 | |z 9783451838187 |c E-Book (PDF) | |
| 776 | 1 | |z 9783451836916 |c E-Book (E-Pub) | |
| 776 | 0 | 8 | |i Erscheint auch als |n Online-Ausgabe |z 9783451838187 |
| 776 | 0 | 8 | |i Erscheint auch als |n Online-Ausgabe |z 9783451836916 |
| 856 | 4 | 2 | |u https://d-nb.info/1255089792/04 |m B:DE-101 |q application/pdf |v 2022-10-06 |x Verlag |3 Inhaltsverzeichnis |7 1 |
| 856 | 4 | 2 | |u http://deposit.dnb.de/cgi-bin/dokserv?id=5ea54b8f7f2d449eac31b84d6459ac0b&prov=M&dok_var=1&dok_ext=htm |m X:MVB |q text/html |v 2022-04-13 |x Verlag |3 Inhaltstext |7 1 |
| 935 | |a mteo | ||
| 936 | r | v | |a BQ 6640 |b Glaube und Lebensstil |k Theologie und Religionswissenschaften |k Evangelische Praktische Theologie |k Spiritualität |k Praktische-Theologische Aspekte |k Glaube und Lebensstil |0 (DE-627)1272623254 |0 (DE-625)rvk/15572: |0 (DE-576)202623254 |
| 936 | b | k | |a 11.61 |j Dogmatik |j Konfessionskunde |0 (DE-627)106403850 |
| 936 | b | k | |a 11.05 |j Religionssoziologie |0 (DE-627)106404202 |
| 936 | b | k | |a 44.75 |j Infektionskrankheiten |j parasitäre Krankheiten |x Medizin |0 (DE-627)106415948 |
| 951 | |a BO | ||
| ELC | |b 1 | ||
| LOK | |0 000 xxxxxcx a22 zn 4500 | ||
| LOK | |0 001 4197188080 | ||
| LOK | |0 003 DE-627 | ||
| LOK | |0 004 1799599159 | ||
| LOK | |0 005 20221013231451 | ||
| LOK | |0 008 221007||||||||||||||||ger||||||| | ||
| LOK | |0 040 |a DE-Tue135 |c DE-627 |d DE-Tue135 | ||
| LOK | |0 092 |o n | ||
| LOK | |0 852 |a DE-Tue135 | ||
| LOK | |0 852 1 |9 00 | ||
| LOK | |0 935 |a ixbt | ||
| LOK | |0 939 |a 07-10-22 |b l01 | ||
| ORI | |a SA-MARC-ixtheoa001.raw | ||
| REF | |a COVID-19-Pandemie,Theologische Krise | ||
| REL | |a 1 | ||
| STA | 0 | 0 | |a COVID-19 (Disease),Catholic theology,Certitude of faith,Faith,Religious certitude,Crisis,Crisis,Crisis situation,Faith on progress,Faith,Faith,Belief in God,Pandemic,Religious identity,Religious identity,Identity,Scientism,Secularization,Secularization,Secularization,Order,Order,Order |
| STB | 0 | 0 | |a Certitude de la foi,Covid-19,Crise,Crise,Croyance au progrès,Foi,Foi,Identité religieuse,Identité religieuse,Pandémie,Scientisme,Sécularisation,Sécularisation,Sécularisation,Laïcité,Laïcité,Déchristianisation,Laïcité (motif),Laïcité,Théologie catholique |
| STC | 0 | 0 | |a COVID-19,Certeza de fe,Cientismo,Crisis,Crisis,Fe en el progreso,Fe,Fe,Identidad religiosa,Identidad religiosa,Pandemia,Secularización,Secularización,Secularización,Teología católica |
| STD | 0 | 0 | |a COVID-19,COVID-19,Certezza di fede,Crisi,Crisi,Fede nel progresso,Fede,Fede,Identità religiosa,Identità religiosa,Pandemia,Scientismo,Secolarizzazione,Secolarizzazione,Secolarizzazione,Teologia cattolica |
| STE | 0 | 0 | |a 世俗化,世俗化,俗化,俗化,信仰之确信,信心的确定,信仰之确实,信念,信念,信心,信德,信心,信德,危机,危急关头,天主教神学,宗教身份,宗教认同,科学主义 |
| STF | 0 | 0 | |a 2019冠状病毒病,世俗化,世俗化,俗化,俗化,信仰之確信,信心的確定,信仰之確實,信念,信念,信心,信德,信心,信德,危機,危急關頭,天主教神學,宗教身份,宗教認同,瘟疫,科學主義 |
| STG | 0 | 0 | |a COVID-19,Certeza de fé,Cientismo,Crise,Crise,Fé no progresso,Fé,Fé,Identidade religiosa,Identidade religiosa,Pandemia,Secularização,Secularização,Secularização,Teologia católica |
| STH | 0 | 0 | |a COVID-19,Вера (мотив),Вера,Вера в прогресс,Католическое богословие,Кризис (мотив),Кризис,Пандемия,Религиозная личность (мотив),Религиозное сознание,Секуляризация (мотив),Секуляризация (каноническое право),Секуляризация,Сциентизм,Уверенность в вере |
| STI | 0 | 0 | |a COVID-19,Βεβαιότητα της πίστης,Εκκοσμίκευση (μοτίβο),Εκκοσμίκευση (Κανονικό δίκαιο),Εκκοσμίκευση,Επιστημονισμός,Θρησκευτική ταυτότητα (μοτίβο),Θρησκευτική ταυτότητα,Καθολική θεολογία,Κρίση (μοτίβο),Κρίση,Πίστη (μοτίβο),Πίστη,Πίστη στην πρόοδο,Πανδημία |
| SUB | |a REL | ||
| SYG | 0 | 0 | |a Coronavirus-Krankheit-2019,Corona virus disease 2019,Coronavirus disease 2019,2019-nCoV acute respiratory disease,Wuhan pneumonia,COVID-19-Infektion,Coronavirus-SARS-CoV-2-Infektion,SARS-CoV-2-Infektion , Glauben,Gottesglaube,Überzeugung , Coronavirus-Krankheit-2019,Corona virus disease 2019,Coronavirus disease 2019,2019-nCoV acute respiratory disease,Wuhan pneumonia,COVID-19-Infektion,Coronavirus-SARS-CoV-2-Infektion,SARS-CoV-2-Infektion , Glauben,Gottesglaube,Überzeugung , Scientismus , Fortschritt , Krisensituation,Krisen , Religiöses Bewusstsein , Glaube , Saecularisatio,Ordensausschluss,Ordensaustritt,Orden,Orden,Entchristlichung,Entkirchlichung,Verweltlichung |



